Países más grandes por superficie y población combinadas - Estadísticas

Estadísticas generales
  • Esta prueba ha sido intentada 2.654 veces
  • La puntuación promedio es 16 de 20
Estadísticas de respuestas
Promedio País % Correcto
2.5 China
99%
5 Rusia
99%
3.5 Estados Unidos
98%
4 India
98%
6 Brasil
96%
12 México
93%
21.5 Argentina
91%
20 Canadá
91%
9 Indonesia
80%
21 Egipto
79%
13 R. D. del Congo
79%
18.5 Nigeria
78%
24 Sudáfrica
78%
19 Pakistán
76%
21.5 Argelia
72%
26.5 Colombia
70%
17 Irán
70%
18 Etiopía
60%
22 Sudán
55%
25.5 Tanzania
43%
No se encontraron pruebas coincidentes
Distribución de puntuación
Porcentaje de gente con cada puntuación
Porcentaje por número respondido
Historial de tus puntuaciones
No has intentado esta prueba.